| Поле | Инд. | ПП | Название | Значение |
|---|---|---|---|---|
| Тип записи | a | |||
| Библиографический уровень | m | |||
| 001 | Контрольный номер | UNIDUBNA03e571f9756d479aacb0eab9816f5ec6 | ||
| 005 | Дата корректировки | 20260424090435.2 | ||
| 017 | a | Номер регистрации авт. права | Акт приемки-передачи 21/2025 от 13.11.2025 | |
| 020 | a | ISBN | 978-5-89847-735-6 | |
| 040 | b | Код языка каталог. | rus | |
| 041 | 0_ | a | Код языка текста | eng |
| 084 | a | Индекс другой классификации/Индекс ББК | 81.432.1я73 | |
| 090 | a | Полочн. индекс | 81.432.1я73 | |
| x | Авторский знак | Б 431 | ||
| 100 | 1_ | a | Автор | Белевич Т. В. |
| q | Полное имя | Белевич Татьяна Владимировна | ||
| 245 | 10 | a | Заглавие | Short Stories. Listening Worksheets |
| b | Продолж. заглавия | учебное пособие | ||
| c | Ответственность | Государственный университет "Дубна". Кафедра иностранных языков и русского как иностранного | ||
| 246 | 01 | a | Другая форма заглавия | Короткие рассказы. Задания на аудирование |
| 260 | a | Место издания | Дубна | |
| b | Издательство | Государственный университет "Дубна" | ||
| c | Дата издания | 2025 | ||
| 300 | a | Объем | 70 с. | |
| 336 | a | Термин вида содержания | Текст | |
| 337 | a | Термин типа средства | непосредственный + электронный | |
| 650 | 04 | a | Основная рубрика | английский язык |
| a | Основная рубрика | филологические науки | ||
| a | Основная рубрика | частное языкознание | ||
| a | Основная рубрика | языкознание | ||
| 653 | 0_ | a | Ключевые слова | аудирование |
| a | Ключевые слова | рассказы | ||
| 655 | a | Жанр/ форма (устаревшее) | учебное пособие | |
| 720 | a | Наименование подборки | СЭБ5 | |
| e | Признак/вид подборки | Тематические подборки | ||
| 856 | 40 | a | Имя сервера/домена | Библиотечная система Университета "Дубна" |
| d | Путь | http://lib.uni-dubna.ru/MegaPRO/Web | ||
| i | Указания/сценарий входа | Доступ по номеру читательского билета и фамилии читателя | ||
| y | Справочный текст | Электронная версия | ||
| u | URL | https://lib.uni-dubna.ru/ProtectedView/Book/ViewBook/34427 | ||
| 856 | 40 | a | Имя сервера/домена | ЭБС "Лань" |
| d | Путь | http://e.lanbook.com/ | ||
| i | Указания/сценарий входа | Доступ по логину и паролю | ||
| u | URL | https://e.lanbook.com/book/516065 | ||
| v | Время доступа к ресурсу | 10.04.2026 | ||
| y | Справочный текст | Электронная версия | ||
| 900 | a | Имя электронного ресурса | akt_21_2025_Belevich | |
| 900 | a | Имя электронного ресурса | obl_Belevich_Short | |
| x | Справочная информация | Обложка | ||
| 900 | a | Имя электронного ресурса | Belevich_Short | |
| x | Справочная информация | Полный текст | ||
| 901 | t | Тип документа | m | |
| 952 | a | Тип литературы для КСУ ВШ | УИ |